Sports Quiz

Random Sports or Soccer Quiz

Arsenal and Everton Quiz Stats

 Plays Quiz not verified by Sporcle

Challenge
Share
Tweet
Embed
Score 0/9 Timer 02:00
0 Plays Today
Player % Correct
Mikel Arteta
81.6%
Theo Walcott
75%
Francis Jeffers
72.3%
Kevin Campbell
56.8%
Martin Keown
53.6%
Richard Wright
50.9%
Anders Limpar
37.5%
Stephen Hughes
35%
Phillipe Senderos
31.8%

You're not logged in!

Compare scores with friends on all Sporcle quizzes.
Join for Free
OR
Log In

You Might Also Like...

Show Comments

Extras

Top Quizzes Today


Score Distribution

Your Account Isn't Verified!

In order to create a playlist on Sporcle, you need to verify the email address you used during registration. Go to your Sporcle Settings to finish the process.

Report this User

Report this user for behavior that violates our Community Guidelines.

Details: